<?xml version="1.0" encoding="UTF-8"?>
<record
    xmlns:xsi="http://www.w3.org/2001/XMLSchema-instance"
    xsi:schemaLocation="http://www.loc.gov/MARC21/slim http://www.loc.gov/standards/marcxml/schema/MARC21slim.xsd"
    xmlns="http://www.loc.gov/MARC21/slim">

  <leader>00667nam a22001577a 4500</leader>
  <controlfield tag="003">OSt</controlfield>
  <controlfield tag="005">20151105150239.0</controlfield>
  <controlfield tag="008">151105b        xxu||||| |||| 00| 0 eng d</controlfield>
  <datafield tag="040" ind1=" " ind2=" ">
    <subfield code="c">RUA </subfield>
  </datafield>
  <datafield tag="082" ind1=" " ind2=" ">
    <subfield code="a">FOR &#x179F;&#x17D2;&#x179A;&#x17CA;&#x17BB;&#x1793; 1994&#x200B;&#x200B; B119 Or.1 </subfield>
  </datafield>
  <datafield tag="100" ind1=" " ind2=" ">
    <subfield code="9">3406</subfield>
    <subfield code="a">&#x179F;&#x17D2;&#x179A;&#x17CA;&#x17BB;&#x1793; &#x1795;&#x17C1;&#x1784;</subfield>
  </datafield>
  <datafield tag="245" ind1=" " ind2=" ">
    <subfield code="a">&#x179F;&#x17B7;&#x1780;&#x17D2;&#x179F;&#x17B6;&#x17A2;&#x17C6;&#x1796;&#x17B8;&#x179C;&#x17B7;&#x1792;&#x17B8;&#x179F;&#x17B6;&#x179F;&#x17D2;&#x179A;&#x17D2;&#x178F;&#x1793;&#x17C3;&#x1780;&#x17B6;&#x179A;&#x1780;&#x179F;&#x17B6;&#x1784;&#x1795;&#x17C2;&#x1793;&#x1791;&#x17B8; &#x1796;&#x17D2;&#x179A;&#x17C3;&#x1788;&#x17BE;&#x1793;&#x17C5;&#x1780;&#x1798;&#x17D2;&#x1796;&#x17BB;&#x1787;&#x17B6;&#x178A;&#x17C4;&#x1799;&#x1794;&#x17D2;&#x179A;&#x17BE;&#x179A;&#x17BC;&#x1794;&#x1790;&#x178F;&#x1796;&#x17B8;&#x179B;&#x17BE;&#x17A2;&#x17B6;&#x1780;&#x17B6;&#x179F; &#x1793;&#x17B7;&#x1784;&#x179A;&#x17BC;&#x1794;&#x1797;&#x17B6;&#x1796;&#x1795;&#x17D2;&#x1780;&#x17B6;&#x1799;&#x179A;&#x178E;&#x1794;;</subfield>
  </datafield>
  <datafield tag="260" ind1=" " ind2=" ">
    <subfield code="a">Phnom Penh </subfield>
    <subfield code="b">RUA </subfield>
    <subfield code="c">1994</subfield>
  </datafield>
  <datafield tag="300" ind1=" " ind2=" ">
    <subfield code="a">60p.</subfield>
    <subfield code="b">ill.</subfield>
    <subfield code="c">29cm.</subfield>
  </datafield>
  <datafield tag="942" ind1=" " ind2=" ">
    <subfield code="2">ddc</subfield>
    <subfield code="c">FOR</subfield>
  </datafield>
  <datafield tag="999" ind1=" " ind2=" ">
    <subfield code="c">3176</subfield>
    <subfield code="d">3176</subfield>
  </datafield>
  <datafield tag="952" ind1=" " ind2=" ">
    <subfield code="0">0</subfield>
    <subfield code="1">0</subfield>
    <subfield code="2">ddc</subfield>
    <subfield code="4">0</subfield>
    <subfield code="6">FOR_&#x179F;&#x179A;&#x17BB;&#x1793;_1994_B119_OR_1_000000000000000</subfield>
    <subfield code="7">0</subfield>
    <subfield code="9">14899</subfield>
    <subfield code="a">LBB</subfield>
    <subfield code="b">LBB</subfield>
    <subfield code="c">B119</subfield>
    <subfield code="d">2015-11-05</subfield>
    <subfield code="o">FOR &#x179F;&#x17D2;&#x179A;&#x17CA;&#x17BB;&#x1793; 1994&#x200B;&#x200B; B119 Or.1</subfield>
    <subfield code="p">RUA010939</subfield>
    <subfield code="r">2015-11-05</subfield>
    <subfield code="w">2015-11-05</subfield>
    <subfield code="y">FOR</subfield>
  </datafield>
  <datafield tag="952" ind1=" " ind2=" ">
    <subfield code="0">0</subfield>
    <subfield code="1">0</subfield>
    <subfield code="2">ddc</subfield>
    <subfield code="4">0</subfield>
    <subfield code="6">FOR_&#x179F;&#x179A;&#x17BB;&#x1793;_1994_B119_OR_2_000000000000000</subfield>
    <subfield code="7">0</subfield>
    <subfield code="9">14900</subfield>
    <subfield code="a">LBB</subfield>
    <subfield code="b">LBB</subfield>
    <subfield code="c">B119</subfield>
    <subfield code="d">2015-11-05</subfield>
    <subfield code="o">FOR &#x179F;&#x17D2;&#x179A;&#x17CA;&#x17BB;&#x1793; 1994&#x200B;&#x200B; B119 Or.2</subfield>
    <subfield code="p">RUA026385</subfield>
    <subfield code="r">2015-11-05</subfield>
    <subfield code="w">2015-11-05</subfield>
    <subfield code="y">FOR</subfield>
  </datafield>
  <datafield tag="952" ind1=" " ind2=" ">
    <subfield code="0">0</subfield>
    <subfield code="1">0</subfield>
    <subfield code="2">ddc</subfield>
    <subfield code="4">0</subfield>
    <subfield code="6">FOR_&#x179F;&#x179A;&#x17BB;&#x1793;_1994_B119_OR_3_000000000000000</subfield>
    <subfield code="7">0</subfield>
    <subfield code="9">14901</subfield>
    <subfield code="a">LBB</subfield>
    <subfield code="b">LBB</subfield>
    <subfield code="c">B119</subfield>
    <subfield code="d">2015-11-05</subfield>
    <subfield code="o">FOR &#x179F;&#x17D2;&#x179A;&#x17CA;&#x17BB;&#x1793; 1994&#x200B;&#x200B; B119 Or.3</subfield>
    <subfield code="p">RUA010830</subfield>
    <subfield code="r">2015-11-05</subfield>
    <subfield code="w">2015-11-05</subfield>
    <subfield code="y">FOR</subfield>
  </datafield>
  <datafield tag="952" ind1=" " ind2=" ">
    <subfield code="0">0</subfield>
    <subfield code="1">0</subfield>
    <subfield code="2">ddc</subfield>
    <subfield code="4">0</subfield>
    <subfield code="6">FOR_&#x179F;&#x179A;&#x17BB;&#x1793;_1994_B119_OR_4_000000000000000</subfield>
    <subfield code="7">0</subfield>
    <subfield code="9">14902</subfield>
    <subfield code="a">LBB</subfield>
    <subfield code="b">LBB</subfield>
    <subfield code="c">B119</subfield>
    <subfield code="d">2015-11-05</subfield>
    <subfield code="o">FOR &#x179F;&#x17D2;&#x179A;&#x17CA;&#x17BB;&#x1793; 1994&#x200B;&#x200B; B119 Or.4</subfield>
    <subfield code="p">RUA010701</subfield>
    <subfield code="r">2015-11-05</subfield>
    <subfield code="w">2015-11-05</subfield>
    <subfield code="y">FOR</subfield>
  </datafield>
</record>
